000 00427nam a2200133Ia 4500
008 220615s9999||||xx |||||||||||||| ||und||
022 _a22912614
100 _aMichael R. W. Dawson
245 0 _aMind, Body, World: Foundations of Cognitive Science
546 _aEnglish[eng]
650 _aconnectivist||psychology||classical cognitive science||embodied
856 _uhttp://www.aupress.ca/index.php/books/120227
942 _cEB
999 _c15211
_d15211